Представление документа в формате RUSMARC

ПолеНазваниеЗначение
  Тип записи a
  Библиографический уровень m
001 Контрольный номер eaa926da273f4b9e902cfbce205f436d
005 Дата корректировки 20260626112952.9
010 Индекс ISBN __
a ISBN 978-5-17-182616-1
b Уточнения в пер.
9 Тираж 3000 экз.
100 Данные общей обработки __
a Данные общей обработки 20260625d2026 cd y0rusy028902 ca
101 Язык документа 1_
a Язык текста rus
c Язык оригинала ita
102 Страна публикации __
a Страна публикации RU
105 Кодированные данные (монография) __
a Кодированные данные (монография) a z 000yy
181 Поле кодированных данных: вид содержания _0
a Код вида содержания (ISBD) i
181 Поле кодированных данных: вид содержания _0
a Код вида содержания (ISBD) b
182 Поле кодированных данных: тип средства _0
a Код типа средства (ISBD) n
200 Заглавие и сведения об ответственности 1_
a Заглавие Мотоциклы
e Сведения, относящиеся к заглавию от "парового велосипеда" до летающего мотоцикла : [для среднего школьного возраста]
f Первые сведения об ответственности Паскаль Шимезак
g Последующие сведения об ответственности художник Давиде Рибони
g Последующие сведения об ответственности [перевод с итальянского Алисы Ткачёвой]
203 Вид содержания и тип средства __
a Вид содержания Текст
a Вид содержания Изображение
b Характеристика содержания неподвижное
b Характеристика содержания двухмерное
c Тип средства непосредственные
210 Выходные данные 1_
a Место издания Москва
c Издательство Аванта
c Издательство АСТ
d Дата издания 2026
215 Физическое описание __
a Объем 47 с.
c Иллюстрации/тип воспроизводства цв. ил.
d Формат 26 см
225 Серия 2_
a Серия Серия "Все о транспорте в картинках"
330 Аннотация __
a Аннотация Вы узнаете весь путь развития мотоцикла - от "парового велосипеда" до последних современных разработок, а также сможете рассмотреть легендарные модели, ставшие символами своей эпохи. Крупные и красочные иллюстрации покажут, как устроен мотоцикл, какие его типы существуют и чем они различаются. Когда состоялась первая мотогонка? Что такое кастомизация мотоцикла? Может ли мотоцикл взлететь? Из книги серии "Всё о транспорте в картинках" вы найдёте ответы на эти и многие другие вопросы!
333 Примечание о целевом назначении __
a Примечание о целевом назначении 0+
517 Другие варианты заглавия 1_
a Другие варианты заглавия Все о транспорте в картинках
532 Расширенное заглавие 10
a Расширенное заглавие От "парового велосипеда" до летающего мотоцикла
606 Тематические рубрики __
a Основная рубрика Транспорт
2 Код системы nlr_sh
606 Тематические рубрики __
a Основная рубрика Автодорожный транспорт
2 Код системы nlr_sh
610 Ключевые слова 0_
a Ключевые слова детская литература
610 Ключевые слова 0_
a Ключевые слова познавательная литература
610 Ключевые слова 0_
a Ключевые слова развивающая литература
610 Ключевые слова 0_
a Ключевые слова мотоциклы
610 Ключевые слова 0_
a Ключевые слова двигатели
610 Ключевые слова 0_
a Ключевые слова первые гонки
610 Ключевые слова 0_
a Ключевые слова легендарные мотоциклы
610 Ключевые слова 0_
a Ключевые слова типы мотоциклов
610 Ключевые слова 0_
a Ключевые слова скутеры
610 Ключевые слова 0_
a Ключевые слова мотоциклы с коляской
610 Ключевые слова 0_
a Ключевые слова мотоспорт
610 Ключевые слова 0_
a Ключевые слова мотогонщики
610 Ключевые слова 0_
a Ключевые слова шлемы
610 Ключевые слова 0_
a Ключевые слова экипировка мотоциклистов
686 Индексы других классификаций __
a Классификационный индекс ст39.3
2 Код системы rubbks
700 Автор _1
a Фамилия Шимезак
b Имя П.
4 Код отношения 070
g Полное личное имя Паскаль
702 Вторичная интеллектуальная ответственность _1
a Фамилия Ткачева
b Имя А. А.
4 Код отношения 730
g Полное личное имя Алиса Андреевна
702 Вторичная интеллектуальная ответственность _1
a Фамилия Рибони
b Имя Д.
g Полное личное имя Давиде
4 Код отношения 440
801 Источник записи _0
a Страна RU
b Организация Муниципальное бюджетное учреждение культуры "Централизованная библиотечная система" г. Сургут (Центральная городская библиотека им. А. С. Пушкина)
g Правила каталогизации PSBO
c Дата составления 20260625
801 Источник записи _1
a Страна RU
b Организация Муниципальное бюджетное учреждение культуры "Централизованная библиотечная система" г. Сургут (Центральная городская библиотека им. А. С. Пушкина)
g Правила каталогизации PSBO
c Дата составления 20260625
852 Данные о местонахождении __
j Шифр хранения ст39.3
i Авторский знак Ш 61
901 Тип документа __
t Тип документа m
a Ответственный ООФиК/Волкова
901 Тип документа __
a Ответственный без партии
903 Характеристики (МАРС) __
a Дата передачи 20260625
c Наименование библиотеки (МАРС) Муниципальное бюджетное учреждение культуры "Централизованная библиотечная система" г. Сургут (Центральная городская библиотека им. А. С. Пушкина)
969 Тип издания __
a Тип издания брошюра
a Тип издания издание для детей